Gobernanza : propuestas, límites y perspectivas /

Shranjeno v:
Bibliografske podrobnosti
Glavni avtor: Porras, Francisco (autor)
Format: Knjiga
Jezik:španščina
Izdano: México : Instituto Mora, 2016, c2016
Serija:(Contemporánea Instituto Mora. Cooperación Internacional y Desarrollo)
Teme:
Oznake: Označite
Brez oznak, prvi označite!

MARC

LEADER 00000nam^a2200000^a^4500
001 000399544
005 20250521000000.0
009 20260310121555.81
020 |a 978-607-9475-49-9 
037 |a Acervo ITESO - Biblioteca 
041 |a ESP 
082 |a 320. 01  |b POR 
100 |a Porras, Francisco  |e (autor) 
245 1 0 |a Gobernanza :  |b propuestas, límites y perspectivas /  |c F. Porras. 
264 4 |a México :  |b Instituto Mora,  |c 2016, c2016 
300 |a 229 p. 
336 |a texto  |b txt  |2 rdacontenido 
337 |a sin mediación  |b n  |2 rdamedio 
338 |a volumen  |b nc  |2 rdasoporte 
440 1 |a (Contemporánea Instituto Mora.  |p Cooperación Internacional y Desarrollo) 
521 |a FIL 2017 EEnlace Departamento de Estudios Sociopolíticos y Jurídicos 
649 |a XX 
650 |a Gobernanza -  |x Teoría -  |x Tema Principal 
650 |a Proceso Político 
650 |a Política -  |x Teoría 
910 |a Fondo General 
920 |a Impresos - Libros 
930 |a Colección General 
905 |a 101 
901 |a 0500294533  |b IT1  |c ACC  |i c157918  |u 20250521 
902 |a https://opac.biblio.iteso.mx/vufind/Record/000399544